000 01755nam a2200181Ia 4500
008 220216s9999 xx 000 0 und d
100 _aUmar I
_ceta l
245 0 _aOil-heat treatment of rubberwood for optimum changes in chemical constituents and decay resistance
260 _bJournal of Tropical Forest Science
_c2016
300 _a88-96
520 _aEffects of oil-heat treatment on chemical constituents and decay resistance of rubberwood (Hevea brasiliensis) were investigated in this work. Oil-heat treatment with palm oil as heating medium was carried out by immersing rubberwood samples (300 mm longitudinally x 20 mm radially x 20 mm tangenitially) in hot oil bath. Wood samples were immersed in the palm oil at temperatures and time periods ranging from 172 to 228 degree C and 95 to 265 min respectively. Cellulose, hemicellulose, and lignin contents and weight loss of samples by the fungus Pycnoporus sanguineus were evaluated. Four linear and one quadratic models were developed using response surface methodology. High adjusted r2 values were obtained and the adequacy of the models was confirmed. Cellulose and hemicellulose reduced in treated samples. Such reductions became greater with increasing temperature and exposure time. However, lignin content of samples increased with increasing temperature of treatment and extended time. Decay resistance of treated samples against P. sanguineus improved with increased treatment temperature and time. The enhancement in decay resistance was highly related to chemical constituents in the treated sample.
650 _aCentral composite design
650 _aHevea brasiliensis
650 _aPalm oil
650 _aPycnoporus sanguineus
650 _aResponse surface
942 _cJS
999 _c64344
_d64344